2014 Movies by Screenshot - Statistics

General Stats
  • This quiz has been taken 907 times
  • The average score is 13 of 16
Answer Stats
Picture Answer % Correct
The Amazing Spider-Man 2
98%
Transformers: Age of Extinction
97%
Captain America: The Winter Soldier
95%
The Lego Movie
95%
The Hunger Games: Mockingjay - Part 1
94%
Guardians of the Galaxy
93%
Dawn of the Planet of the Apes
91%
X-Men: Days of Future Past
84%
Interstellar
83%
Maleficent
83%
Big Hero 6
78%
Whiplash
64%
The Grand Budapest Hotel
63%
The Hobbit: The Battle of the Five Armies
61%
Birdman (or the Unexpected Virtue of Ignorance)
57%
Edge of Tomorrow
45%
No matching quizzes found
Score Distribution
Percent of People with Each Score
Percentile by Number Answered
Your Score History
You have not taken this quiz